Reporte sobre las inscripciones 1983/84 /

I tiakina i:
Ngā taipitopito rārangi puna kōrero
Kaituhi rangatōpū: ITESO. Centro de Planeación
Ētahi atu kaituhi: Sánchez Muñiz, Armando (autor) (autor)
Hōputu: Pukapuka
Reo:Pāniora
Ngā marau:
Ngā Tūtohu: Tāpirihia he Tūtohu
Kāore He Tūtohu, Me noho koe te mea tuatahi ki te tūtohu i tēnei pūkete!

MARC

LEADER 00000nam^a2200000^a^4500
001 000107223
005 20250521000000.0
009 20260310093603.222
037 |a Acervo ITESO - Biblioteca 
041 |a ESP 
082 |a 378. 72352  |b ITE ITESO-ei 1984 
110 |a ITESO.  |b Centro de Planeación 
240 1 1 |a [Reporte sobre las inscripciones] 
245 1 0 |a Reporte sobre las inscripciones 1983/84 /  |c ITESO ; elaborado por A. Sánchez Muñiz. 
264 |a Guadalajara, México :  |b ITESO,  |c 1984 
300 |a 27, [13] h. 
336 |a texto  |b txt  |2 rdacontenido 
337 |a sin mediación  |b n  |2 rdamedio 
338 |a volumen  |b nc  |2 rdasoporte 
610 |a ITESO 
649 |a XX 
650 |a Matrícula Escolar -  |x Estadísticas 
650 |a Planeación Educativa 
650 |a Administración Educativa 
650 |a Educación Superior -  |z Guadalajara, Jalisco 
650 |a Educación Superior -  |z Jalisco 
650 |a Educación Superior -  |z México 
650 |a Educación Privada -  |z Guadalajara, Jalisco 
650 |a Educación Privada -  |z Jalisco 
650 |a Educación Privada -  |z México 
700 |a Sánchez Muñiz, Armando  |e (autor) 
910 |a Fondo General 
920 |a Impresos - Libros 
930 |a Obras de Referencia 
905 |a 102 
901 |a 0500043565  |b IT2  |c REF  |u 20250521 
901 |a 0500043561  |b IT2  |c REF  |u 20250521 
901 |a 0500043562  |b IT2  |c REF  |u 20250521 
902 |a https://opac.biblio.iteso.mx/vufind/Record/000107223